Catálogo
 En Linea

El español de América / (Registro nro. 40167)

Detalles MARC
000 -CABECERA
campo de control de longitud fija 00701nam a2200217 a 4500
001 - NÚMERO DE CONTROL
campo de control 000040677
005 - FECHA Y HORA DE LA ÚLTIMA TRANSACCIÓN
campo de control 20201002034310.0
008 - DATOS DE LONGITUD FIJA--INFORMACIÓN GENERAL
campo de control de longitud fija 130905s2009 sp 000 0 spa d
020 ## - NÚMERO INTERNACIONAL ESTÁNDAR DEL LIBRO
Número Internacional Estándar del Libro 9788437614236
040 ## - FUENTE DE LA CATALOGACIÓN
Centro catalogador/agencia de origen DO-SdBNP
Lengua de catalogación spa
Centro/agencia transcriptor BNPHU
100 1# - ENTRADA PRINCIPAL--NOMBRE DE PERSONA
Nombre de persona Lipski, John M.
9 (RLIN) 67042
240 10 - TÍTULO UNIFORME
Título uniforme Latin american spanish
Lenguaje de la obra Español
245 13 - MENCIÓN DE TÍTULO
Título El español de América /
Mención de responsabilidad, etc. John M. Lipski ; traductor Silvia Iglesias Recuero.
250 ## - MENCIÓN DE EDICIÓN
Mención de edición 6a ed.
260 ## - PUBLICACIÓN, DISTRIBUCIÓN, ETC.
Lugar de publicación, distribución, etc. Madrid :
Nombre del editor, distribuidor, etc. Artes Gráficas,
Fecha de publicación, distribución, etc. 2009.
300 ## - DESCRIPCIÓN FÍSICA
Extensión 446 p.
500 ## - NOTA GENERAL
Nota general Incluye notas al pie de las páginas
500 ## - NOTA GENERAL
Nota general Traducido del idioma inglés
504 ## - NOTA DE BIBLIOGRAFÍA, ETC.
Nota de bibliografía, etc. Bibliografía : p. 387-446
700 1# - PUNTO DE ACCESO ADICIONAL--NOMBRE DE PERSONA
Nombre de persona Iglesias Recuero, Silvia
Término indicativo de función/relación trad.
9 (RLIN) 67043
Existencias
Estado de retiro Estado de pérdida Restricciones de uso No para préstamo Código de colección Localización permanente Ubicación/localización actual Ubicación en estantería Fecha de adquisición Número de inventario Total de préstamos Signatura topográfica completa Código de barras Fecha visto por última vez Precio válido a partir de Tipo de ítem Koha
        Monografías: Libros y Folletos General General En catalogación 05.09.2013 LF1   40677-10 25.06.2020 25.06.2020 Préstamo en sala

Con tecnología Koha